Real estate valuation in global markets (Record no. 96751)

MARC details
000 -LEADER
fixed length control field 01489cam a2200505 4500
001 - CONTROL NUMBER
control field ##L81824
008 - FIXED-LENGTH DATA ELEMENTS--GENERAL INFORMATION
fixed length control field 090401t1997 xxu||||| |||| 00| 0 eng d
020 ## - INTERNATIONAL STANDARD BOOK NUMBER
International Standard Book Number 0922154422
035 ## - SYSTEM CONTROL NUMBER
System control number (Sirsi) u81824
041 0# - LANGUAGE CODE
Language code of text/sound track or separate title eng
050 04 - LIBRARY OF CONGRESS CALL NUMBER
Classification number 333.332 $2 18
245 00 - TITLE STATEMENT
Title Real estate valuation in global markets
260 ## - PUBLICATION, DISTRIBUTION, ETC.
Place of publication, distribution, etc. Chicago, IL
Name of publisher, distributor, etc. Appraisal Institute
Date of publication, distribution, etc. 1997
300 ## - PHYSICAL DESCRIPTION
Extent xiv, 476p.
Dimensions 26cm.
350 ## - PRICE (NR) (BK AM CF MU VM SE) [OBSOLETE]
Price 40
520 ## - SUMMARY, ETC.
Summary, etc. Looks at valuation practice in 21 countries and includes information on political structure, legally recognised property rights, governmental powers, currency and inflation outlook. Also gives sources of data, addresses of organisations and bibliographies.
520 ## - SUMMARY, ETC.
Summary, etc. Superseded by second edition (ISBN 9781935328124).
651 #4 - SUBJECT ADDED ENTRY--GEOGRAPHIC NAME
Geographic name ALBANIA
651 #4 - SUBJECT ADDED ENTRY--GEOGRAPHIC NAME
Geographic name ARGENTINA
651 #4 - SUBJECT ADDED ENTRY--GEOGRAPHIC NAME
Geographic name AUSTRALIA
651 #4 - SUBJECT ADDED ENTRY--GEOGRAPHIC NAME
Geographic name CANADA
651 #4 - SUBJECT ADDED ENTRY--GEOGRAPHIC NAME
Geographic name COLOMBIA
651 #4 - SUBJECT ADDED ENTRY--GEOGRAPHIC NAME
Geographic name CZECH REPUBLIC
651 #4 - SUBJECT ADDED ENTRY--GEOGRAPHIC NAME
Geographic name EL SALVADOR
651 #4 - SUBJECT ADDED ENTRY--GEOGRAPHIC NAME
Geographic name FRANCE
651 #4 - SUBJECT ADDED ENTRY--GEOGRAPHIC NAME
Geographic name GERMANY
651 #4 - SUBJECT ADDED ENTRY--GEOGRAPHIC NAME
Geographic name INDIA
651 #4 - SUBJECT ADDED ENTRY--GEOGRAPHIC NAME
Geographic name ITALY
651 #4 - SUBJECT ADDED ENTRY--GEOGRAPHIC NAME
Geographic name JAPAN
651 #4 - SUBJECT ADDED ENTRY--GEOGRAPHIC NAME
Geographic name MEXICO
651 #4 - SUBJECT ADDED ENTRY--GEOGRAPHIC NAME
Geographic name NEW ZEALAND
651 #4 - SUBJECT ADDED ENTRY--GEOGRAPHIC NAME
Geographic name POLAND
651 #4 - SUBJECT ADDED ENTRY--GEOGRAPHIC NAME
Geographic name RUSSIA
651 #4 - SUBJECT ADDED ENTRY--GEOGRAPHIC NAME
Geographic name SINGAPORE
651 #4 - SUBJECT ADDED ENTRY--GEOGRAPHIC NAME
Geographic name THAILAND
651 #4 - SUBJECT ADDED ENTRY--GEOGRAPHIC NAME
Geographic name UNITED STATES
651 #4 - SUBJECT ADDED ENTRY--GEOGRAPHIC NAME
Geographic name ZIMBABWE
690 ## - LOCAL SUBJECT ADDED ENTRY--TOPICAL TERM (OCLC, RLIN)
Topical term or geographic name as entry element PROPERTY-PROPERTY APPRAISAL AND VALUATION
700 1# - ADDED ENTRY--PERSONAL NAME
Personal name Gelbtuch, Howard C.
Relator term Editor
700 1# - ADDED ENTRY--PERSONAL NAME
Personal name Mackmin, David
Relator term Editor
700 1# - ADDED ENTRY--PERSONAL NAME
Personal name Milgrim, Michael R.
Relator term Editor
942 ## - ADDED ENTRY ELEMENTS (KOHA)
Suppress in OPAC 0
948 ## - LOCAL PROCESSING INFORMATION (OCLC); SERIES PART DESIGNATOR (RLIN)
c (OCLC) 31/10/1997
Holdings
Withdrawn status Lost status Source of classification or shelving scheme Damaged status Not for loan Home library Current library Shelving location Date acquired Cost, normal purchase price Total Checkouts Full call number Barcode Date last seen Copy number Cost, replacement price Price effective from Koha item type
    Dewey Decimal Classification     London London Basement 16/01/1998 40.00   BASEMENT 30054726 06/08/2019 1 40.00 06/08/2019 Reference material